| 000 | 00501nam a2200193Ia 4500 | ||
|---|---|---|---|
| 005 | 20240823033616.0 | ||
| 008 | 240823s9999||||xx |||||||||||||| ||und|| | ||
| 020 | _a81-7366-829-9 | ||
| 041 | _aENGLISH | ||
| 082 | _A005.133 P4 | ||
| 100 | _aJef Webb | ||
| 245 | 0 | _aExcel 2003 Programming A Developers Notebook | |
| 250 | _a1st | ||
| 260 |
_c2004 _b"Shroff Publishers and Distributers Pvt.Ltd,M" |
||
| 500 | _aTRANSFERED | ||
| 650 |
_aExcel _bComputer Science |
||
| 942 | _cBK | ||
| 999 |
_c196231 _d196231 |
||